|
|
|
|
| LEADER |
00000nam a2200000 a 4500 |
| 001 |
vtls001378474 |
| 003 |
SK-MaSNL |
| 005 |
20260301071116.0 |
| 008 |
251124s1998 DE a ra 0 ger |
| 020 |
|
|
|a 3548357857
|c [463,00]
|
| 035 |
|
|
|a SNK000332440
|
| 040 |
|
|
|a SNK
|b slo
|c SNK
|e AACR2
|
| 044 |
|
|
|a DE
|
| 080 |
|
|
|a 929 Ježiš Kristus
|2 1981
|
| 080 |
|
|
|a 232.9
|2 1981
|
| 100 |
1 |
|
|a Faber-Kaiser, Andreas
|d 1944-
|4 aut
|9 388387
|
| 245 |
1 |
|
|a Jesus starb in Kaschmir
|c Andreas Faber-Kaiser
|
| 250 |
|
|
|a Ungekürzte Ausg.
|
| 260 |
|
|
|a Berlin
|b Ullstein
|c 1998
|
| 300 |
|
|
|a 283 s., 52 obr. na príl.
|c 19 cm
|
| 490 |
1 |
|
|a Ullstein Taschenbuch
|v 35785
|
| 600 |
0 |
|
|a Ježiš Kristus
|x monografie
|2 SNK
|9 287522
|
| 650 |
0 |
7 |
|a náboženstvá východné
|x vplyv kresťanstva
|z India
|x úvahy
|2 SNK
|9 388388
|
| 919 |
|
|
|a 3-548-35785-7
|
| 999 |
|
|
|c 636627
|d 638557
|
| 952 |
|
|
|t P60, <04>, [BOOK], {604}
|a SNK
|b SNK
|y VYP
|7 0
|p 17A0224907
|o snkID 96592
|i snkV 48/2000
|0 0
|1 0
|4 0
|d 2000-01-24
|l 0
|r 2005-01-02 00:00:00
|w 2026-02-23
|